000 00514nam a2200181Ia 4500
008 240925s9999 xx 000 0 und d
020 _a130824518
082 _a005.456 IRV
100 _aIrvine , Kip . R
245 0 _aAssembly Language For Intel-Based Computers
250 _a3rd
260 _aNew Jersey:
_bPrintice- Hall Int.
_c,1999.
300 _avii,646p.
_bNA
_fPirated
500 _aIncludes Index
600 _aComputer Science
650 _aComputer science, information & general works
942 _cBK
999 _c7380
_d7380